| 000 | 00666nam a22002057a 4500 | ||
|---|---|---|---|
| 003 | OSt | ||
| 005 | 20140310183057.0 | ||
| 008 | 130228t xxu||||| |||| 00| 0 eng d | ||
| 020 | _a9712003442 | ||
| 050 |
_aLB 2369 _b.L349 2000 |
||
| 082 |
_aFIL 808.02 _bL33 2000 |
||
| 245 |
_aStyle guide for research writers and editors _cLastimosa, Pura J. |
||
| 260 |
_aLos Banos, Laguna _bPhilippine Council for Agriculture, Forestry and Natural Resources Research and Development, Department of Science and Technology _c2000 |
||
| 300 |
_a150 p. _bill. _c23 cm. |
||
| 521 | _aCollege | ||
| 526 | _c1210L-1700L | ||
| 541 | _j1 | ||
| 562 | _e1 | ||
| 942 |
_2lcc _cBK _kFIL |
||
| 999 |
_c18691 _d18691 |
||